000 01095nam a22003615a 4500
001 13434966
003 PILC
005 20250703135319.0
008 031215s2004 nju 000 0 eng
010 _a 2003116571
020 _a1591940265
035 _a(DLC) 2003116571
040 _aDLC
_cDLC
042 _apcc
_alcac
050 _aPZ 7
_b.F631 2004
082 _aGS 305.5
_bF65 2004
100 1 _aJacobs, Harriet.
_921608
245 1 0 _aLife of a slave Girl : based on Incidents in the life of a slave girl the authobiography of Linda Brent Jacobs
_cHarriet Jacobs.
260 _aWest Berlin, NJ :
_bTownsend Press,
_c2004.
263 _a0403
300 _a24 p. :
_c20 cm.
_bill. ;
440 _aThe townsend library
_92892
526 _c250
650 _aSlaves History
_xUnited States
_xBiography
_xHistory
_921609
650 _a Women slaves
_xUnited States
_xBiography
_921610
906 _a0
_bibc
_corignew
_d2
_eepcn
_f20
_gy-gencatlg
942 _2lcc
_cBK
999 _c12077
_d12077